Movies Quiz

Random Movies or Actor Quiz
Score 0/27 Timer 10:00
0 Plays Today
% Correct
Ridley Scott, Russell Crowe
99.4%
Robert Zemeckis, Tom Hanks
99.4%
Chris Colombus, Robin Williams
99.4%
Steven Soderbergh, Matt Damon
98.8%
George Roy Hill, Paul Newman
98.8%
Michael Mann, Jamie Foxx
98.1%
Christopher Nolan, Michael Caine
98.1%
Martin Scorsese, Harvey Keitel
98.1%
Richard Donner, Mel Gibson
98.1%
David O Russell, Mark Wahlberg
96.9%
Tony Scott, Denzel Washington
96.3%
David Cronenberg, Viggo Mortenson
94.4%
Spike Lee, John Turturro
93.2%
John Huston, Humphrey Bogart
91.9%
% Correct
Guy Ritchie, Mark Strong
91.9%
Paul Thomas Anderson, Philip Seymour Hoffman
90.1%
Federico Fellini, Marcello Mastroianni
88.8%
Alfred Hitchcock, Cary Grant
86.3%
Kar Wai Wong, Tony Leung
85.7%
Richard Linklater, Ethan Hawke
85.1%
Billy Wilder, William Holden
78.9%
John Ford, John Wayne
74.5%
Ingmar Bergman, Max Von Sydow
73.9%
George Cukor, Spencer Tracy
72%
Joseph L Mankiewicz, Rex Harrison
72%
Howard Hawks, Cary Grant
70.8%
Howard Hawks, John Wayne
65.8%
Remove Ads.
Support Sporcle.
Get the best of Sporcle when you Go Orange. This ad-free experience offers more features, more stats, and more fun while also helping to support Sporcle. Thank you for becoming a member.

You're not logged in!

Compare scores with friends on all Sporcle quizzes.
OR
Log In

Show Comments

Extras

Top Quizzes Today


Score Distribution

Your Account Isn't Verified!

In order to create a playlist on Sporcle, you need to verify the email address you used during registration. Go to your Sporcle Settings to finish the process.

Report this User

Report this user for behavior that violates our Community Guidelines.

Details: